Abe : (Record no. 8016)

MARC details
000 -LEADER
fixed length control field 00602nam a22001817a 4500
003 - CONTROL NUMBER IDENTIFIER
control field OSt
005 - DATE AND TIME OF LATEST TRANSACTION
control field 20260130052740.0
008 - FIXED-LENGTH DATA ELEMENTS--GENERAL INFORMATION
fixed length control field 260130b |||||||| |||| 00| 0 eng d
020 ## - INTERNATIONAL STANDARD BOOK NUMBER
International Standard Book Number 978-971-92417-8-2.
040 ## - CATALOGING SOURCE
Original cataloging agency DWCL-Main lib
Transcribing agency OC
082 ## - DEWEY DECIMAL CLASSIFICATION NUMBER
Classification number Fil. 920 J63a 2006
100 ## - MAIN ENTRY--PERSONAL NAME
Personal name Joaquin, Nick
245 ## - TITLE STATEMENT
Title Abe :
Remainder of title a frank sketch of E. Aguilar Cruz/
Statement of responsibility, etc. Nick Joaquin
260 ## - PUBLICATION, DISTRIBUTION, ETC.
Place of publication, distribution, etc. Angeles City :
Name of publisher, distributor, etc. The Juan Nepomuceno Center for Kapampangan Studies, c
Date of publication, distribution, etc. c2006.
300 ## - PHYSICAL DESCRIPTION
Extent XVIII, 200 pages :
Other physical details colored illustration ;
Dimensions 26 ccm.
650 ## - SUBJECT ADDED ENTRY--TOPICAL TERM
Topical term or geographic name entry element 1. Joaquin, Nick-Biography.
942 ## - ADDED ENTRY ELEMENTS (KOHA)
Source of classification or shelving scheme Dewey Decimal Classification
Koha item type Book-Filipiniana
Call number prefix Fil.
Suppress in OPAC No
952 ## - LOCATION AND ITEM INFORMATION (KOHA)
--
Holdings
Withdrawn status Lost status Source of classification or shelving scheme Damaged status Not for loan Home library Current library Shelving location Date acquired Source of acquisition Total Checkouts Full call number Barcode Date last seen Copy number Price effective from Koha item type Uniform Resource Identifier
    Dewey Decimal Classification     College Library College Library Filipiniana 10/02/2007 School Fund   Fil. 920 J63a 2006 45203 01/30/2026 c1 01/30/2026 BK-FIL